| 000 | 00714cam a2200205 a 4500 | ||
|---|---|---|---|
| 001 | sa 64005606 | ||
| 003 | DLC | ||
| 005 | 20260227112033.0 | ||
| 008 | 970925s1964 ii a 000 0 hin | ||
| 010 | _asa 64005606 | ||
| 040 |
_aDLC _cDLC _dDLC |
||
| 050 | 0 | 0 |
_aP29 _b.T5 |
| 100 | 1 |
_aTivārī, Bholānātha, _d1923-1989. |
|
| 245 | 1 | 0 |
_aBhāshā vijñāna kośa : _bpariśishṭa rūpameṃ bhāshā vijñānakī Aṅgrejī Hindī pāribhashika śabdāvalīke sātha / _c[lekhaka] Bholānātha Tivārī. |
| 250 | _a1. saṃskaraṇa. | ||
| 260 |
_aVārāṇasī : _bJñānamaṇḍala, _c[1964] |
||
| 300 |
_a807 p. : _billus. ; _c26 cm. |
||
| 546 | _aIn Hindi. | ||
| 650 | 0 |
_aLanguage and languages _xDictionaries. |
|
| 999 |
_c59210 _d59210 |
||